Improving your writing Dành cho SV năm thứ Ba - Cao Đẳng Sư phạm Tiếng Anh
সংরক্ষণ করুন:
| বিন্যাস: | গ্রন্থ |
|---|---|
| ভাষা: | English |
| প্রকাশিত: |
Dong Thap
|
| বিষয়গুলি: | |
| ট্যাগগুলো: |
ট্যাগ যুক্ত করুন
কোনো ট্যাগ নেই, প্রথমজন হিসাবে ট্যাগ করুন!
|
| Thư viện lưu trữ: | Trung tâm Học liệu Lê Vũ Hùng, Trường Đại học Đồng Tháp |
|---|
| LEADER | 00764pam a22002298a 4500 | ||
|---|---|---|---|
| 001 | 00040990 | ||
| 005 | 20180312090330.0 | ||
| 008 | 141002s2014 ||||||engsd | ||
| 041 | 0 | # | |a eng |
| 082 | 1 | 4 | |a 808.004 |b I310Y |
| 245 | 1 | 0 | |a Improving your writing |b Dành cho SV năm thứ Ba - Cao Đẳng Sư phạm Tiếng Anh |
| 260 | # | # | |a Dong Thap |
| 300 | # | # | |c 30 cm. |a 57 p. |
| 500 | # | # | |a ĐTTTS ghi: Pedagogical University of DongThap. Foreign language department |
| 653 | # | # | |a Nâng cao |
| 653 | # | # | |a Đại học Đồng Tháp |
| 653 | # | # | |a Sinh viên năm ba |
| 653 | # | # | |a Tiếng Anh |
| 653 | # | # | |a Viết |
| 852 | # | # | |j KD.0023311 |
| 910 | |d 12/03/2018 | ||
| 980 | # | # | |a Trung tâm Học liệu Lê Vũ Hùng, Trường Đại học Đồng Tháp |